000 00914cam a22002895a 4500
001 015668792
003 OSt
005 20160829140815.0
008 101005s2011 enka frbd 001 0 eng d
020 _a9780470978047
040 _aEG-ScBUE
_beng
_cEG-ScBUE
082 0 4 _a332.1091767
_222
_bKET
100 1 _aKettell, Brian.
_932712
245 1 0 _aIntroduction to Islamic banking and finance /
_cBrian Kettell.
260 _aChichester :
_bJohn Wiley & Sons Ltd.,
_c2011.
300 _axv, 174 p. :
_bill. ;
_c25 cm.
490 0 _aWiley finance series
500 _aGlossary : p. 151-156.
500 _aIndex : p. 165-167.
504 _aBibliography : p. 157-164.
650 7 _aBanks and banking
_zIslamic countries.
_928054
_2BUEsh
651 _2BUEsh
653 _bBUSADM
_cFebruary2013
_cOctober2015
655 _vText book
_933728
650 0 _932713
_aFinance
_zIslamic countries
_2BUEsh
942 _2ddc
_cBB
999 _c17322
_d17294